[Event "VIE-ch U13"]
[Site "Hanoi"]
[Date "2022.06.17"]
[Round "9"]
[White "Le, Tuan Huy"]
[Black "Ho, Dang Nhat Minh"]
[Result "1/2-1/2"]
[WhiteElo "2360"]
[BlackElo "2343"]
[PlyCount "120"]
[EventDate "2022.06.11"]
[EventType "swiss"]
[EventRounds "9"]
[EventCountry "VIE"]
[SourceTitle "EXT 2023"]
[Source "ChessBase"]
[SourceDate "2022.10.05"]
[SourceVersion "1"]
[SourceVersionDate "2022.10.05"]
[SourceQuality "1"]

1. d4 Nf6 2. c4 g6 3. Nc3 Bg7 4. Nf3 0-0 5. Bf4 d6 6. h3 Nc6 7. e3 Nd7 8. d5 Nce5 9. Be2 Nxf3+ 10. Bxf3 Ne5 11. Be2 h6 12. 0-0 Nd7 13. Qc2 a6 14. Rab1 Qe8 15. b4 e5 16. Bg3 f5 17. f4 e4 18. b5 a5 19. Na4 b6 20. Rfd1 Qe7 21. Rf1 Kh7 22. Kf2 Qf6 23. Ke1 Bb7 24. Kd2 Bh8 25. Rh1 Rg8 26. Rbg1 Kg7 27. h4 h5 28. Rb1 Kh7 29. Be1 Qf7 30. g3 Rae8 31. Kd1 Bf6 32. Bc3 Bxc3 33. Qxc3 Qf6 34. Qxf6 Nxf6 35. Kd2 Re7 36. Rbd1 Rd7 37. Kc2 Rdd8 38. Rd2 Bc8 39. Re1 Bd7 40. Rh1 Kg7 41. Nc3 Be8 42. Na4 Kf7 43. Rg1 Ke7 44. Rh1 Bd7 45. Rg1 Bc8 46. Rh1 Bb7 47. Rg1 Nd7 48. Rdd1 Nc5 49. Nxc5 dxc5 50. a4 Rd6 51. Rd2 Rgd8 52. Rgd1 R6d7 53. Kc3 Kf6 54. Kc2 Rd6 55. Kc3 Bc8 56. Kc2 Bd7 57. Kc3 Be8 58. Kc2 Bf7 59. Kc3 R6d7 60. Kc2 Ke7 1/2-1/2

[Event "VIE-ch U09"]
[Site "Hai Phong"]
[Date "2018.07.10"]
[Round "6"]
[White "Le, Tuan Huy"]
[Black "Ho, Dang Nhat Minh"]
[Result "1-0"]
[WhiteElo "1940"]
[BlackElo "1952"]
[PlyCount "43"]
[EventDate "2018.07.07"]
[EventType "swiss"]
[EventRounds "9"]
[EventCountry "VIE"]
[SourceTitle "EXT 2019"]
[Source "ChessBase"]
[SourceDate "2018.10.10"]
[SourceVersion "1"]
[SourceVersionDate "2018.10.10"]
[SourceQuality "1"]

1. e4 e6 2. d4 d5 3. e5 c5 4. c3 Qb6 5. Nf3 Nc6 6. Bd3 Bd7 7. Bc2 cxd4 8. cxd4 Bb4+ 9. Nc3 Rc8 10. 0-0 Bxc3 11. bxc3 Nge7 12. Qd2 h6 13. Qf4 0-0 14. Qg3 Kh8 15. Bxh6 gxh6 16. Qh4 Kg7 17. Qf6+ Kg8 18. Qxh6 Rfd8 19. Bh7+ Kh8 20. Bg6+ Kg8 21. Qh7+ Kf8 22. Qxf7# 1-0